LEADER 01430nam 2200361Ia 450 001 996388174403316 005 20221107142145.0 035 $a(CKB)1000000000637823 035 $a(EEBO)2264199772 035 $a(OCoLC)09955337 035 $a(EXLCZ)991000000000637823 100 $a19830927d1673 uy | 101 0 $aeng 135 $aurbn||||a|bb| 200 10$aPleadings in some remarkable cases before the Supreme Courts of Scotland since the year 1661$b[electronic resource] $eto which the decisions are subjoyn'd 210 $aEdinburgh $cPrinted by George Swintoun, James Glen, and Thomas Brown$d1673 215 $a232, [4] p 300 $aAddenda: p. [1]-[4] at end. 300 $a"In three of those pleadings (viz. 2-3, 7.) I have mingled with my own arguments, the arguments of such as pleaded with me. In the rest, I have used only my own." -- The authors reflections. 300 $aReproduction of original in Bodleian Library. 330 $aeebo-0021 606 $aPleading$zScotland 606 $aLaw reports, digests, etc$zScotland 615 0$aPleading 615 0$aLaw reports, digests, etc. 700 $aMackenzie$b George$cSir,$f1636-1691.$01002592 801 0$bUMI 801 1$bUMI 801 2$bWaOLN 906 $aBOOK 912 $a996388174403316 996 $aPleadings in some remarkable cases before the Supreme Courts of Scotland since the year 1661$92366570 997 $aUNISA LEADER 01285nam 2200385 450 001 9910709815403321 005 20180813095701.0 035 $a(CKB)5470000002474106 035 $a(OCoLC)1048400314 035 $a(EXLCZ)995470000002474106 100 $a20180813d2018 ua 0 101 0 $aeng 135 $aur||||||||||| 181 $ctxt$2rdacontent 182 $cc$2rdamedia 183 $acr$2rdacarrier 200 10$aCMS innovation center: model implementation and center performance $ereport to congressional requesters 210 1$a[Washington, D.C.] :$cUnited States Government Accountability Office,$d2018. 215 $a1 online resource (iv, 47 pages) $cillustrations 300 $a"March 2018." 300 $a"GAO-18-302." 320 $aIncludes bibliographical references. 517 $aCMS innovation center 606 $aMedicare$xClaims administration 606 $aMedicaid$xClaims administration 606 $aPayment$zUnited States 615 0$aMedicare$xClaims administration. 615 0$aMedicaid$xClaims administration. 615 0$aPayment 801 0$bGPO 801 1$bGPO 906 $aBOOK 912 $a9910709815403321 996 $aCMS innovation center: model implementation and center performance$93518877 997 $aUNINA